| 000 | 01185nam a2200289 a 4500 | ||
|---|---|---|---|
| 999 |
_c204584 _d204584 |
||
| 003 | BLK | ||
| 005 | 20230619162605.0 | ||
| 008 | 180411b bul|||||r ||||||| ||bul|| | ||
| 020 | _a9789542824480 | ||
| 040 | _aBLK | ||
| 041 |
_aBUL _cBUL |
||
| 080 |
_aАмериканска литература (на САЩ) _b821.111(73) _x-31 _z821.111(73)-31 |
||
| 100 | 1 |
_aАхдие, Рене _eпърви автор _934860 |
|
| 139 |
_aАхдие, Рене _bА 95 |
||
| 245 | 1 | 0 |
_aРозата и камата _bРоман _cРене Ахдие; Прев. от англ. Христо Димитров. |
| 257 | _aUSA | ||
| 260 |
_aСофия _bСиела _c2017 _fСофия : Алианс принт _9219755 _n954-649- |
||
| 300 |
_a431 с. _c20 см |
||
| 380 | _aX | ||
| 490 | 1 |
_aCiela Teen _v2 |
|
| 500 | _aОриг. загл. The Rose and the Dagger / Renee Ahdieh. - Продълж. на романа Гневът и зората. | ||
| 700 | 1 |
_aДимитров, Христо _eпрев. от англ. _gГеоргиев, Христо Димитров _9364142 |
|
| 852 |
_aЦб 312030 _bО |
||
| 942 |
_cKNG _n0 _s1 _02 |
||
| 944 |
_aCR _c2022-04-01 _kКети |
||
| 999 | _d204584 | ||